Văn học Nhật Bản từ khởi thủy đến 1868

Сохранить в:
Библиографические подробности
Главный автор: Nhật Chiêu
Формат:
Опубликовано: Hà Nội Giáo dục 2013
Редактирование:Tái bản lần thứ sáu
Предметы:
Метки: Добавить метку
Нет меток, Требуется 1-ая метка записи!
Thư viện lưu trữ: Trung tâm Học liệu Lê Vũ Hùng, Trường Đại học Đồng Tháp
LEADER 00973pam a22003138a 4500
001 00032880
005 20171026081025.0
008 141208s2013 ||||||Viesd
020 |c 90000 
041 0 # |a Vie 
082 1 4 |b V115H  |a 895.6 
100 1 # |a Nhật Chiêu 
245 0 0 |a Văn học Nhật Bản từ khởi thủy đến 1868  |c Nhật Chiêu 
250 # # |a Tái bản lần thứ sáu 
260 # # |a Hà Nội  |b Giáo dục  |c 2013 
300 # # |a 415 tr.  |c 21 cm. 
653 # # |a Giai đoạn 
653 # # |a Văn học Nhật Bản 
653 # # |a Tác phẩm 
653 # # |a Tác giả 
653 # # |a Nghiên cứu 
653 # # |a Lịch sử 
852 # # |j KD.0016418  |j KM.0017608  |j KM.0017609 
852 # # |b Kho đọc  |j KD.0016418 
852 # # |b Kho mượn  |j KM.0017608, KM.0017609, KM.0017610 
910 0 # |d 8/12/2014 
980 # # |a Trung tâm Học liệu Lê Vũ Hùng, Trường Đại học Đồng Tháp